Sorstársait szeretné motiválni A mozgássérült is lehet bajnok

Bibliographic Details
Main Author: Lyócsa, Imre, 1964- (Author)
Format: Article
Language:Hungarian
Subjects:

MARC

LEADER 00000nab a2200000 a 4500
001 vtls000927210
003 SK-MaSNL
005 20260319073731.0
008 040720e20010228xo 0 hun
035 |a KE36087 
040 |a KEVKJB  |b slo  |c KEVKJB  |e AACR2 
041 1 |a hun 
044 |a xo  |c SK 
080 |a 799.32  |2 1981 
100 1 |a Lyócsa, Imre,  |d 1964-  |4 aut  |9 1017018 
245 1 0 |a Sorstársait szeretné motiválni  |b A mozgássérült is lehet bajnok 
600 1 7 |a Lyócsa, Imre 1964-,  |2 KEVKJB  |9 1017018 
650 0 7 |a lukostreľba  |2 KEVKJB  |9 20493 
650 0 7 |a pôsobenie  |2 KEVKJB  |9 877655 
651 7 |a Moldava nad Bodvou (Slovensko)  |2 KEVKJB  |9 20255 
651 7 |a KS,  |2 KEVKJB  |9 880381 
655 7 |a periodikum  |2 KEVKJB  |9 29553 
655 7 |a rozhovory  |2 KEVKJB  |9 31831 
773 0 8 |t Szabad Újság  |g Roč. 9  |g Roč. 28, č.9, 28.2.2001, s. 3 
852 |a ZVYKNI  |b KIS3GCP 
999 |c 1669726  |d 1671656